000 00579nam a2200205Ii 4500
001 5843
003 CO-ViMGA
008 241108s9999||||xx |||||||||||||| ||und||
040 _aCO-ViMGA
_bspa
_erda
_cCO-ViMGA
041 0 _aunk
082 0 4 _a843.8-D238j
100 1 _aAlfonso Daudet
_953368
245 1 0 _aJack
264 1 _a[Lugar de publicación no identificado] : Ramón Sopena, 1959
300 _avolumen
336 _atext
_btxt
_2rdacontent
337 _aunmediated
_bn
_2rdamedia
338 _avolume
_bnc
_2rdacarrier
940 _aidficha_siabuc: 5697. -- ficha_no_siabuc:5843
999 _c49966
_d49966